Estadísticas para Tecleo rápido de uno a treinta

Haz click aquí para intentar la prueba.

Estadísticas generales

  • Esta prueba ha sido intentada 68 veces
  • La puntuación promedio es 12 de 30

Estadísticas de respuestas

% Correcto
Uno
100%
Dos
91%
Cuatro
89%
Tres
89%
Nueve
87%
Ocho
87%
Seis
87%
Siete
87%
Cinco
85%
Diez
85%
Once
80%
Doce
78%
Catorce
39%
Quince
39%
Dieciseis
26%
Diecisiete
17%
Dieciocho
13%
Diecinueve
11%
Veinte
11%
Treinta
4%
Troce
2%
Venticinco
0%
Venticuatro
0%
Ventidos
0%
Ventinueve
0%
Ventiocho
0%
Ventiseis
0%
Ventisiete
0%
Ventitres
0%
Ventiuno
0%

Distribución de puntuación

Porcentaje por número respondido

Porcentaje de gente con cada puntuación

Historial de tus puntuaciones

No has intentado esta prueba.